| 000 | 00773nam a22002057a 4500 | ||
|---|---|---|---|
| 999 |
_c7584 _d7584 |
||
| 003 | AR-CdUCM | ||
| 008 | 190320b ||||| |||| 00| 0 spa d | ||
| 040 |
_aMUNICIPALIDAD PROVINCIAL DEL CUSCO _cBIBLIOTECA MUNICIPAL DEL CUSCO |
||
| 082 |
_a633.7 / _bS21 |
||
| 100 |
_aSánchez Reyes, Cristian _921418 |
||
| 245 | _aCultivo, producción y comercialización del café / | ||
| 260 |
_aLima : _bRipalme, _c2005. |
||
| 300 |
_a134 paginas ; _bIlustraciones, _c21 cm. |
||
| 505 | _aHistoria del café -- Variedades del café -- La plantación -- Las labores culturales -- Cosecha, post cosecha y comercialización... | ||
| 650 |
_ahistoria del café _921419 |
||
| 650 |
_aDesvariares de café _921420 |
||
| 650 |
_aPlantaciones _921421 |
||
| 942 |
_2ddc _cLIBROS |
||
| 945 | _arjall | ||